[Event "2nd Goa GM Open 2019"]
[Site "Goa"]
[Date "2019.06.21"]
[Round "5.16"]
[White "Burmakin, Vladimir"]
[Black "Rohith Krishna S"]
[Result "1/2-1/2"]
[WhiteElo "2526"]
[BlackElo "2347"]
[Annotator "RC"]
[PlyCount "130"]
[EventDate "2019.06.17"]
[EventType "swiss"]
[EventCountry "IND"]
[SourceTitle "playchess.com"]
[Source "ChessBase"]
[SourceQuality "1"]
[TimeControl "5400+30"]

1. Nf3 {[%emt 0:00:00]} Nf6 {[%emt 0:00:00]} 2. g3 {[%emt 0:00:00]} b6 {[%emt 0:00:20]} 3. Bg2 {[%emt 0:00:00]} Bb7 {[%emt 0:00:07]} 4. O-O {[%emt 0:00:26]} e6 {[%emt 0:00:20]} 5. c4 {[%emt 0:00:10]} Be7 {[%emt 0:00:07]} 6. d4 {[%emt 0:00:06]} O-O {[%emt 0:00:08]} 7. Re1 {[%emt 0:00:03]} d5 {[%emt 0:03:03]} 8. cxd5 {[%emt 0:00:08]} exd5 {[%emt 0:01:15]} 9. Nc3 {[%emt 0:00:43]} c5 {[%emt 0:03:47]} 10. b3 Nc6 {[%emt 0:00:55]} 11. Bb2 {[%emt 0:00:25]} Re8 {[%emt 0:06:10]} 12. e3 {[%emt 0:00:20]} Bf8 {[%emt 0:01:33]} 13. Rc1 {[%emt 0:00:28]} Rc8 {[%emt 0:00:27]} 14. dxc5 {[%emt 0:22:52]} Bxc5 {[%emt 0:09:03]} 15. a3 {[%emt 0:00:12]} Bf8 {[%emt 0:11:48]} 16. Bh3 {[%emt 0:05:33]} Rb8 {[%emt 0:04:50]} 17. Nb5 {[%emt 0:00:15]} Ne4 {[%emt 0:03:03]} 18. Nfd4 {[%emt 0:01:27]} Nxd4 {[%emt 0:00:42]} 19. Bxd4 {[%emt 0:06:58]} Ng5 {[%emt 0:06:39]} 20. Bg2 {[%emt 0:01:05]} Ne6 {[%emt 0:00:44]} 21. Be5 {[%emt 0:12:01]} Ra8 {[%emt 0:02:33]} 22. b4 {[%emt 0:00:11]} a5 {[%emt 0:02:36]} 23. Qb3 {[%emt 0:02:00]} axb4 {[%emt 0:03:07]} 24. axb4 {[%emt 0:00:02]} Ba6 {[%emt 0:04:08]} 25. Na3 {[%emt 0:01:57]} Bb7 {[%emt 0:00:05]} 26. Nc2 {[%emt 0:00:59]} Ng5 {[%emt 0:08:02]} 27. Bb2 {[%emt 0:00:17]} Ne4 {[%emt 0:00:44]} 28. Red1 {[%emt 0:01:19]} Rc8 {[%emt 0:01:21]} 29. Nd4 {[%emt 0:16:36]} Rxc1 {[%emt 0:01:07]} 30. Rxc1 {[%emt 0:00:30]} Qd7 {[%emt 0:00:09]} 31. b5 {[%emt 0:00:36]} Rc8 {[%emt 0:02:01]} 32. Rd1 {[%emt 0:01:57]} Qe7 {[%emt 0:05:37]} 33. Nc6 {[%emt 0:02:41]} Bxc6 {[%emt 0:00:07]} 34. bxc6 {[%emt 0:00:06]} Rxc6 {[%emt 0:00:52]} 35. Rxd5 {[%emt 0:00:08]} Nc5 {[%emt 0:01:02]} 36. Qc4 {[%emt 0:01:18]} Rd6 {[%emt 0:00:31]} 37. Bd4 {[%emt 0:00:29]} Rxd5 {[%emt 0:01:22]} 38. Bxd5 {[%emt 0:00:06]} Qd7 {[%emt 0:00:06]} 39. Qa2 {[%emt 0:01:28]} b5 {[%emt 0:02:32]} 40. h4 {[%emt 0:04:53]} Ne6 {[%emt 0:00:42]} 41. Be5 {[%emt 0:00:24]} b4 {[%emt 0:00:47]} 42. Qc4 {[%emt 0:01:07]} h6 {[%emt 0:01:42]} 43. Kf1 {[%emt 0:00:42]} Nc5 {[%emt 0:00:19]} 44. e4 {[%emt 0:05:12]} Qe7 {[%emt 0:01:32]} 45. Bb2 {[%emt 0:03:24]} Ne6 {[%emt 0:00:13]} 46. e5 {[%emt 0:01:56]} Qd7 {[%emt 0:00:45]} 47. Ke2 {[%emt 0:01:01]} Nc5 {[%emt 0:00:21]} 48. Bd4 {[%emt 0:00:50]} Ne6 {[%emt 0:00:05]} 49. Be3 {[%emt 0:00:20]} Nc7 {[%emt 0:01:55]} 50. Bc6 {[%emt 0:00:47]} Qe7 {[%emt 0:01:02]} 51. f4 {[%emt 0:00:55]} Kh8 {[%emt 0:01:18]} 52. h5 {[%emt 0:00:56]} f6 {[%emt 0:02:05]} 53. exf6 {[%emt 0:00:31]} Qxf6 {[%emt 0:00:06]} 54. Be4 {[%emt 0:05:02]} Qe7 {[%emt 0:00:24]} 55. Bc2 {[%emt 0:00:24]} Ne8 {[%emt 0:00:09]} 56. Kf2 {[%emt 0:01:32]} Nf6 {[%emt 0:00:25]} 57. Bd4 {[%emt 0:00:15]} Qd8 {[%emt 0:02:07]} 58. Qd3 {[%emt 0:01:17]} Qd5 {[%emt 0:01:24]} 59. Bxf6 {[%emt 0:00:23]} Qxd3 {[%emt 0:00:06]} 60. Bxg7+ {[%emt 0:00:01]} Kxg7 {[%emt 0:00:12]} 61. Bxd3 {[%emt 0:00:04]} b3 {[%emt 0:00:41]} 62. Kf3 {[%emt 0:00:07]} b2 {[%emt 0:00:10]} 63. Kg4 {[%emt 0:00:06]} Bc5 {[%emt 0:00:07]} 64. Kf5 {[%emt 0:00:06]} Bf2 {[%emt 0:00:14]} 65. g4 {[%emt 0:00:07]} Bh4 {[%emt 0:00:06]} 1/2-1/2

[Event "2nd Goa GM Open 2019"]
[Site "Goa"]
[Date "2019.06.21"]
[Round "5.17"]
[White "Anurag, Mhamal"]
[Black "Pranav Vijay"]
[Result "1-0"]
[WhiteElo "2497"]
[BlackElo "2265"]
[Annotator "ChessBase"]
[PlyCount "89"]
[EventDate "2019.06.17"]
[EventType "swiss"]
[EventCountry "IND"]
[SourceTitle "playchess.com"]
[Source "ChessBase"]
[SourceQuality "1"]
[TimeControl "5400+30"]

1. e4 {[%emt 0:05:30]} e5 {[%emt 0:00:00]} 2. Nf3 {[%emt 0:00:10]} Nc6 {[%emt 0:00:00]} 3. Bc4 {[%emt 0:01:07]} Nf6 {[%emt 0:00:12]} 4. d4 {[%emt 0:01:09]} exd4 {[%emt 0:01:25]} 5. e5 {[%emt 0:00:04]} d5 {[%emt 0:00:48]} 6. Bb5 {[%emt 0:00:05]} Ne4 {[%emt 0:01:29]} 7. Nxd4 {[%emt 0:00:04]} Bd7 {[%emt 0:00:20]} 8. Bxc6 {[%emt 0:00:04]} bxc6 {[%emt 0:00:34]} 9. O-O {[%emt 0:00:04]} Bc5 {[%emt 0:02:50]} 10. f3 {[%emt 0:00:05]} Ng5 {[%emt 0:00:46]} 11. Be3 {[%emt 0:00:05]} Ne6 {[%emt 0:06:39]} 12. c3 {[%emt 0:30:11]} Bxd4 {[%emt 0:08:30]} 13. cxd4 {[%emt 0:04:02]} f5 {[%emt 0:00:14]} 14. exf6 {[%emt 0:12:59]} Qxf6 {[%emt 0:01:12]} 15. Nd2 {[%emt 0:00:07]} O-O {[%emt 0:03:41]} 16. Nb3 {[%emt 0:00:02]} Rae8 {[%emt 0:01:55]} 17. Qd2 {[%emt 0:04:22]} h6 {[%emt 0:08:36]} 18. Nc5 {[%emt 0:15:07]} Bc8 {[%emt 0:05:06]} 19. Nxe6 {[%emt 0:01:11]} Rxe6 {[%emt 0:00:26]} 20. Rfe1 {[%emt 0:00:38]} Rfe8 {[%emt 0:03:22]} 21. Bf2 {[%emt 0:00:04]} h5 {[%emt 0:07:25]} 22. Rxe6 {[%emt 0:01:05]} Bxe6 {[%emt 0:00:21]} 23. Re1 {[%emt 0:00:15]} Bf7 {[%emt 0:02:05]} 24. Rxe8+ {[%emt 0:04:19]} Bxe8 {[%emt 0:00:05]} 25. h3 {[%emt 0:00:49]} Qf5 {[%emt 0:02:53]} 26. Kh2 {[%emt 0:01:36]} Bg6 {[%emt 0:16:02]} 27. Bg3 {[%emt 0:01:18]} Qc2 {[%emt 0:00:32]} 28. Qg5 {[%emt 0:00:43]} Kh7 {[%emt 0:01:08]} 29. Qe7 {[%emt 0:01:01]} Qf5 {[%emt 0:00:55]} 30. Qxc7 {[%emt 0:00:14]} Qf7 {[%emt 0:00:53]} 31. Qxc6 {[%emt 0:00:26]} Bd3 {[%emt 0:01:58]} 32. b4 {[%emt 0:03:36]} h4 {[%emt 0:07:43]} 33. Be5 {[%emt 0:00:11]} Qe7 {[%emt 0:00:41]} 34. Qxd5 {[%emt 0:02:04]} Qg5 {[%emt 0:00:21]} 35. Qd7 {[%emt 0:02:26]} Bf5 {[%emt 0:01:02]} 36. Qxa7 {[%emt 0:00:19]} Be6 {[%emt 0:00:48]} 37. b5 {[%emt 0:02:20]} Bd5 {[%emt 0:00:09]} 38. b6 {[%emt 0:00:25]} Qg6 {[%emt 0:00:26]} 39. Qe7 {[%emt 0:00:57]} Bxf3 {[%emt 0:00:33]} 40. Qxg7+ {[%emt 0:02:09]} Qxg7 {[%emt 0:00:06]} 41. Bxg7 {[%emt 0:00:04]} Bh5 {[%emt 0:00:07]} 42. Be5 {[%emt 0:00:10]} Bg6 {[%emt 0:00:05]} 43. b7 {[%emt 0:00:05]} Bf7 {[%emt 0:00:05]} 44. b8=Q {[%emt 0:00:05]} Bg6 {[%emt 0:00:06]} 45. Qh8# {[%emt 0:00:05]} 1-0

[Event "2nd Goa GM Open 2019"]
[Site "Goa"]
[Date "2019.06.21"]
[Round "5.18"]
[White "Ajay Krishna, S."]
[Black "Venkatesh, M.R."]
[Result "0-1"]
[WhiteElo "2335"]
[BlackElo "2490"]
[Annotator "TA"]
[PlyCount "114"]
[EventDate "2019.06.17"]
[EventType "swiss"]
[EventCountry "IND"]
[SourceTitle "playchess.com"]
[Source "ChessBase"]
[SourceQuality "1"]

{[%evp 12,120,19,13,47,27,24,23,27,1,6,1,31,-26,0,-22,-32,-23,-23,-34,-18,-28,-26,-39,-12,-27,-14,-25,-27,-50,-41,-47,-34,-102,-66,-71,-65,-83,-18,-115,-116,-212,-210,-216,-204,-213,-81,-81,-81,-81,-80,-80,-80,-80,-80,-78,-79,-78,-86,-152,-168,-183,-183,-170,-170,-290,-152,-224,-221,-221,-214,-373,-337,-343,-300,-517,-504,-514,-474,-774,-718,-767,-756,-723,-675,-774,-694,-647,-663,-707,-568,-1034,-908,-2280,-4245,-8304,-1387,-1046,-852,-837,-822,-29985,-29986,-29986,-595,-4578,-2611,-29985,-29986,-29991,-29992]} 1. d4 g6 2. e4 Bg7 3. Nc3 d6 4. h4 Nf6 5. Be2 c5 6. dxc5 Qa5 7. Qd3 dxc5 {B07: Pirc Defence: Miscellaneous Systems} (7... Qxc5 8. Be3 Qa5 9. h5 Nxh5 10. Bxh5 Bxc3+ 11. Qxc3 Qxc3+ 12. bxc3 gxh5 13. Rxh5 Nc6 14. f4 Be6 15. Nf3 f6 16. Nd4 Bc4 17. Kd2 {0-1 (40) Reprintsev,A (2321)-Onischuk,V (2614) Lutsk 2016}) 8. Qb5+ $146 (8. h5 {feels hotter.} Nxh5 9. Bd2 Nf6 10. e5 Nfd7 11. e6) ({Predecessor:} 8. Bd2 Nc6 9. Nd5 Qd8 10. Bc3 O-O 11. O-O-O Nxd5 12. Bxg7 Kxg7 13. exd5 Nd4 14. c3 Bf5 15. Qd2 Qxd5 16. cxd4 Qxa2 {0-1 (22) Rendi,E (2129)-Barbascu,M (2096) Sovata 2002}) 8... Qxb5 9. Bxb5+ Bd7 {White has an edge.} 10. Be3 Ng4 11. Bd2 O-O 12. Bf1 (12. Bxd7 $14 Nxd7 13. Nge2) 12... Nc6 $11 13. f3 Nd4 14. Rc1 $1 Ne5 15. h5 Bc6 16. hxg6 hxg6 17. Nd1 Rfd8 18. Nf2 b5 {[%cal Bb7b5,Bb5c4][%mdl 32]} 19. c3 Ne6 $36 {[%mdl 2048] Black has good play.} 20. f4 Nc4 21. Bxc4 $1 bxc4 22. f5 (22. Rd1 $15) 22... gxf5 23. exf5 Nf8 ({And not} 23... Bxg2 24. Rh2 $16) 24. Rh4 Rab8 (24... Bxg2 $6 25. Rg4 $11) ({Better is} 24... Rd5 $1 $17 {Hoping for ...Rb8.} 25. Rxc4 Rxf5) 25. Rb1 (25. Rg4 $1 $11 {remains equal.} Kh8 26. Rh4+ Kg8 27. Rg4) 25... Rd5 $17 ({Of course not} 25... Bxg2 $6 26. Rg4 $11) 26. Rf4 (26. Nf3 $17 {was called for.}) 26... Bd7 $1 $19 27. g4 Bh6 {White must now prevent ...Rxd2.} 28. g5 Bxg5 (28... Bg7 $1 $19 29. b4 Bxf5) 29. Rg4 $17 f6 30. Bxg5 fxg5 31. Rxg5+ Kf7 {...Nh7 is the strong threat.} 32. Nf3 Nh7 33. Rg3 Bxf5 34. Rd1 e6 35. Nh4 (35. b3 $142) 35... Bc2 36. Rf3+ Ke7 {And now ...Ng5 would win.} 37. Rxd5 exd5 38. Rg3 (38. b3 $142) 38... Kf7 ({Black should play} 38... Rxb2 $19 39. Rg7+ Kd6) 39. Rf3+ (39. b3 $17) 39... Ke6 $19 40. Re3+ Kd7 41. Nd1 $2 (41. b3) 41... Bxd1 42. Kxd1 Rxb2 {[%mdl 4096] Endgame KRN-KRN} 43. Nf5 $2 (43. Ng6 {was worth a try.} Kd6 44. Re7) 43... Ng5 44. Re7+ Kc6 45. Rxa7 (45. Kc1 $142 Rxa2 46. Re5) 45... Ne4 46. Ne7+ Kd6 47. Kc1 Re2 48. Nc8+ Ke5 49. Re7+ Kf6 50. a4 Ra2 51. Rc7 Nxc3 {Threatens to win with ...d4.} 52. Rxc5 Ke5 53. Rc7 Ke4 (53... d4 $142 54. Rxc4 Ke4) 54. Rh7 d4 55. Rh4+ {[#]} Kd5 $1 56. Nb6+ Kc5 57. Nd7+ Kb4 {Played: Kc5-c6} 0-1

[Event "2nd Goa GM Open 2019"]
[Site "Goa"]
[Date "2019.06.21"]
[Round "5.19"]
[White "Gagare, Shardul"]
[Black "Neelash Saha"]
[Result "1/2-1/2"]
[WhiteElo "2482"]
[BlackElo "2315"]
[Annotator "TA"]
[PlyCount "85"]
[EventDate "2019.06.17"]
[EventType "swiss"]
[EventCountry "IND"]
[SourceTitle "playchess.com"]
[Source "ChessBase"]
[SourceQuality "1"]

{[%evp 9,85,18,27,29,30,40,37,37,45,38,52,36,43,34,42,43,46,45,41,43,47,35,79,86,131,98,87,54,50,47,56,48,46,41,58,18,16,18,18,0,0,0,0,0,0,0,0,0,0,0,0,0,0,0,0,0,0,0,0,0,0,0,0,0,0,0,0,0,0,0,0,0,0,0,0,0,0,0]} 1. e4 c5 2. Nf3 Nc6 3. Bb5 d6 4. Bxc6+ bxc6 5. e5 f6 (5... Bg4 6. h3 Bxf3 7. Qxf3 Qd7 8. exd6 exd6 9. O-O Nf6 10. Nc3 Be7 11. d4 c4 12. d5 Nxd5 13. Nxd5 cxd5 14. Qxd5 {½-½ (25) Predojevic,B (2626)-Boensch,U (2553) Germany 2019}) 6. exd6 $1 {B51: Sicilian: Moscow Variation (3 Bb5+) without 3...Bd7} exd6 $146 ({Predecessor:} 6... e5 7. d3 Bxd6 8. Nfd2 Ne7 9. Nc3 O-O 10. O-O Nd5 11. Nc4 Be7 12. f4 exf4 13. Bxf4 Nxf4 14. Rxf4 {½-½ (68) Westerberg,J (2443)-Ochsner,B (2413) Vaxjo 2015}) 7. O-O d5 8. Re1+ {White is slightly better.} Kf7 9. d4 Bd6 10. c4 Ne7 11. cxd5 cxd5 12. dxc5 Bxc5 13. Be3 Bb4 14. Nc3 Bxc3 15. bxc3 Nf5 16. Bc5 {[#] aiming for g4.} h5 17. Qd3 Re8 18. Rxe8 Qxe8 19. Qxd5+ Be6 20. Qb7+ Kg8 21. Re1 {[#] Black must now prevent Rxe6!} Qc8 22. Qxc8+ (22. Qe4 {is interesting.} Bf7 23. a3 a5 24. Nd4 Nxd4 25. cxd4 Rb8 26. h3) 22... Rxc8 {The position is equal.} 23. Bxa7 Bxa2 24. Bd4 Bd5 25. Rd1 Bxf3 26. gxf3 Nxd4 27. cxd4 $11 {[%mdl 4096] Endgame KR-KR} Kf7 28. Kg2 Ke6 29. Re1+ Kf5 30. h4 Rd8 31. Re4 Kg6 32. f4 Rd6 33. Kf3 f5 34. Re5 Rxd4 35. Re6+ Kf7 36. Rb6 Rd1 37. Rb7+ Kg6 38. Rb6+ Kh7 39. Rb5 Rh1 40. Kg3 Rg1+ 41. Kh3 g6 42. Rb7+ Kg8 43. f3 {Accuracy: White = 81%, Black = 89%.} 1/2-1/2

[Event "2nd Goa GM Open 2019"]
[Site "Goa"]
[Date "2019.06.21"]
[Round "5.20"]
[White "Dang, Hoang Son"]
[Black "Rahman, Ziaur"]
[Result "0-1"]
[WhiteElo "2320"]
[BlackElo "2481"]
[Annotator "TA"]
[PlyCount "126"]
[EventDate "2019.06.17"]
[EventType "swiss"]
[EventCountry "IND"]
[SourceTitle "playchess.com"]
[Source "ChessBase"]
[SourceQuality "1"]

{[%evp 9,134,7,11,4,17,0,0,0,0,0,2,0,8,-4,0,0,0,0,0,0,16,0,0,0,122,-29,149,-26,167,-107,-10,-122,-18,-93,-10,-185,-160,-145,15,13,23,-6,20,0,0,0,15,-56,-8,-56,-30,-47,-46,-27,-53,-53,-46,-75,-66,-133,0,-167,-100,-226,-197,-224,-222,-220,-225,-218,-215,-229,-228,-384,-371,-376,-369,-508,-408,-497,-497,-487,-487,-462,-445,-501,-497,-497,-454,-653,-633,-905,-908,-913,-695,-1141,-1114,-987,-987,-2838,-2007,-2354,-2049,-11867,-5169,-29965,-10131,-29970,-29971,-29982,-29982,-29983,-29984,-29984,-29985,-29984,-29982,-29982,-29982,-29982,-29983,-29983,-29984,-29984,-29985,-29986,-29985]} 1. c4 e6 2. Nc3 d5 3. e3 Nf6 4. Nf3 Nbd7 5. b3 Bd6 6. Bb2 {A17: English Opening: 1...Nf6 with ...Bb4} O-O (6... c6 7. Qc2 a6 8. d4 O-O 9. Bd3 e5 10. cxd5 cxd5 11. dxe5 Nxe5 12. Nxe5 Bxe5 13. Ne2 Qd6 14. Bxe5 Qxe5 15. Qc3 Qd6 16. f3 Bd7 17. Kf2 {1-0 (34) Wei,Y (2734)-Wang,H (2710) Tianjin 2018}) 7. Qc2 a6 8. Be2 {The position is equal.} c5 9. O-O b6 10. d4 $146 ({Predecessor:} 10. cxd5 exd5 11. d4 Bb7 12. Rad1 Qe7 13. Bd3 {1-0 (38) Balashov,Y (2555)-Goloshchapov,A (2400) Moscow 1998}) 10... Bb7 11. Rfd1 Rc8 12. cxd5 exd5 13. dxc5 bxc5 14. Ng5 {And now Nxd5! would win.} h6 15. Nf3 Re8 16. Qf5 Nf8 (16... g6 $11 17. Qh3 Bf8) 17. Rd2 $2 (17. Nxd5 $16 Nxd5 18. Bc4) 17... Ng6 $2 (17... Rc7 $11) 18. Rad1 $2 ({White has to play} 18. Nxd5 $16 Nxd5 19. Bc4) 18... Qc7 $2 (18... d4 $11) 19. h3 $2 {[#]} (19. Nxd5 $18 Bxd5 20. Bxf6 (20. Rxd5 Ne7 $15 {[%mdl 64] Double Attack}) 20... Bxf3 21. Qxf3 Bxh2+ 22. Kh1 gxf6 23. Rd7) 19... Rcd8 (19... d4 $1 $17 {[%cal Rd4c3][%mdl 512]} 20. exd4 Bf4) 20. Qc2 {[#]} (20. Nxd5 $11 Nxd5 21. Bc4) 20... Bf8 ({Black should play} 20... d4 $1 $17 {[%cal Rd4c3][%mdl 512]} 21. Na4 (21. exd4 Bf4) 21... dxe3 22. fxe3 Ne4) 21. Nh2 {[#]} (21. Qf5 $11 {remains equal.}) 21... Ne5 (21... d4 $1 $17 {[%mdl 512] Hoping for ...Bd6.} 22. exd4 Bxg2 $1 {[%mdl 512]} 23. Kxg2 Nf4+ 24. Kh1 cxd4) 22. Ng4 $2 (22. b4 $1 $11 {and White has nothing to worry.}) 22... Nexg4 $19 23. hxg4 {[#]} Bd6 $2 (23... d4 $1 $17 {[%mdl 512]} 24. exd4 Rxd4) 24. Bf3 $11 {[%cal Rc3d5]} Bh2+ 25. Kh1 {[%cal Rc3d5]} Be5 26. Na4 Bxb2 27. Nxb2 Rc8 28. Na4 (28. Kg1 $11) 28... Ne4 (28... h5 $5 29. g5 Ne4 $11) 29. Bxe4 Rxe4 30. Nc3 $1 {[%cal Rc3e4]} Rxg4 31. Nxd5 Rh4+ 32. Kg1 Qh2+ 33. Kf1 Re8 $36 {[%mdl 2048] Black has some pressure.} 34. f3 (34. Qf5 $1 $15 Bc6 35. f3) 34... Qe5 (34... Qg3 $17 35. Kg1 Rh5 36. Qxc5 Qh2+ 37. Kf1 Bxd5 38. Rxd5 Qh1+ 39. Kf2 Qxd1 40. Rxh5 Qd2+ 41. Kg3 Re6) 35. e4 $2 (35. Qxc5 $11 Rh1+ 36. Kf2 Rxd1 37. Rxd1) 35... f5 (35... Qg3 $19 {...Bxd5 is the strong threat.} 36. Kg1 Re5 37. Qxc5 {[#]} Reh5 $1 {[%mdl 512]}) 36. Qc4 (36. f4 $17 {was the only chance.} Qxe4 37. Qxe4 fxe4 38. g3 Rh1+ 39. Ke2) 36... Kh8 (36... fxe4 37. f4) 37. f4 Bxd5 $1 ({Don't do} 37... Qxe4 38. Qxe4 Rxe4 39. g3 $17) 38. fxe5 Bxc4+ 39. bxc4 Rxe5 $19 {[%mdl 4096] Endgame KRR-KRR} 40. Rd8+ Kh7 41. R1d5 $2 (41. exf5 Rxf5+ 42. Ke2) 41... Rf4+ 42. Kg1 Rexe4 43. Rxc5 Rxc4 44. Ra5 Ra4 45. Rdd5 Rxa5 46. Rxa5 {KR-KR} Kg6 47. Rxa6+ Kg5 48. Ra3 h5 49. Rb3 (49. Kh2 $142 Rd4 50. Ra6) 49... Rc4 50. a3 h4 51. Kf2 Rc2+ 52. Kf3 Ra2 53. Rc3 Kh5 54. Kf4 Rxg2 55. Kxf5 Rf2+ 56. Ke4 g5 (56... Kg4 $142 57. Rc1 h3) 57. Ke3 Rf4 58. Rc2 h3 {Black mates.} 59. Ra2 Kg4 60. a4 Kg3 61. a5 h2 62. Ra1 Rf6 63. Ke4 Kg2 {Played: Rf6-a6} 0-1

[Event "2nd Goa GM Open 2019"]
[Site "Goa"]
[Date "2019.06.21"]
[Round "5.21"]
[White "Kunte, Abhijit"]
[Black "Konguvel, Ponnuswamy"]
[Result "1/2-1/2"]
[WhiteElo "2478"]
[BlackElo "2293"]
[Annotator "ChessBase"]
[PlyCount "76"]
[EventDate "2019.06.17"]
[EventType "swiss"]
[EventCountry "IND"]
[SourceTitle "playchess.com"]
[Source "ChessBase"]
[SourceQuality "1"]
[TimeControl "5400+30"]

1. Nf3 {[%emt 0:00:29]} Nf6 {[%emt 0:00:18]} 2. c4 {[%emt 0:02:57]} g6 {[%emt 0:00:59]} 3. Nc3 {[%emt 0:00:39]} Bg7 {[%emt 0:00:05]} 4. d4 {[%emt 0:01:08]} d5 {[%emt 0:02:53]} 5. g3 {[%emt 0:02:59]} c6 {[%emt 0:06:23]} 6. cxd5 {[%emt 0:04:56]} cxd5 {[%emt 0:00:04]} 7. Bg2 {[%emt 0:00:03]} Ne4 {[%emt 0:00:48]} 8. O-O {[%emt 0:04:41]} Nxc3 {[%emt 0:06:10]} 9. bxc3 {[%emt 0:00:08]} Nc6 {[%emt 0:00:04]} 10. Bf4 {[%emt 0:05:03]} O-O {[%emt 0:00:20]} 11. Nd2 {[%emt 0:01:22]} b6 {[%emt 0:08:59]} 12. e4 {[%emt 0:09:52]} dxe4 {[%emt 0:01:00]} 13. Nxe4 {[%emt 0:00:43]} Bb7 {[%emt 0:00:05]} 14. Re1 {[%emt 0:03:44]} Na5 {[%emt 0:10:01]} 15. Rc1 {[%emt 0:00:16]} Bd5 {[%emt 0:05:00]} 16. h4 {[%emt 0:03:21]} Bxa2 {[%emt 0:10:44]} 17. h5 {[%emt 0:00:07]} Qd7 {[%emt 0:15:42]} 18. hxg6 {[%emt 0:08:49]} hxg6 {[%emt 0:00:12]} 19. Ng5 {[%emt 0:00:10]} Rae8 {[%emt 0:07:17]} 20. Bh3 {[%emt 0:02:09]} f5 {[%emt 0:00:07]} 21. Bg2 {[%emt 0:01:31]} e6 {[%emt 0:02:47]} 22. Be5 {[%emt 0:02:51]} Bb3 {[%emt 0:01:38]} 23. Qe2 {[%emt 0:03:12]} Bc4 {[%emt 0:02:57]} 24. Qe3 {[%emt 0:00:28]} Bxe5 {[%emt 0:00:53]} 25. dxe5 {[%emt 0:01:00]} Rd8 {[%emt 0:00:35]} 26. Qf4 {[%emt 0:05:15]} Kg7 {[%emt 0:01:23]} 27. Bf3 {[%emt 0:00:41]} Rh8 {[%emt 0:02:34]} 28. Rcd1 {[%emt 0:02:39]} Qe7 {[%emt 0:00:18]} 29. Rd6 {[%emt 0:00:21]} b5 {[%emt 0:04:26]} 30. Ra1 {[%emt 0:14:55]} Nb3 {[%emt 0:02:04]} 31. Rxd8 {[%emt 0:01:17]} Rxd8 {[%emt 0:01:19]} 32. Qh4 {[%emt 0:00:09]} Kg8 {[%emt 0:00:44]} 33. Ra6 {[%emt 0:04:35]} Nc5 {[%emt 0:01:18]} 34. Rd6 {[%emt 0:00:15]} Rc8 {[%emt 0:03:11]} 35. Qh6 {[%emt 0:02:35]} Qg7 {[%emt 0:00:07]} 36. Qh4 Qe7 {[%emt 0:00:04]} 37. Qh6 {[%emt 0:00:04]} Qg7 {[%emt 0:00:02]} 38. Qh4 {[%emt 0:00:04]} Nd7 1/2-1/2

[Event "2nd Goa GM Open 2019"]
[Site "Goa"]
[Date "2019.06.21"]
[Round "5.22"]
[White "Rathanvel, V S"]
[Black "Vignesh N R"]
[Result "1-0"]
[WhiteElo "2314"]
[BlackElo "2459"]
[Annotator "RC"]
[PlyCount "81"]
[EventDate "2019.06.17"]
[EventType "swiss"]
[EventCountry "IND"]
[SourceTitle "playchess.com"]
[Source "ChessBase"]
[SourceQuality "1"]
[TimeControl "5400+30"]

1. e4 {[%emt 0:00:00]} c5 {[%emt 0:00:04]} 2. Nf3 {[%emt 0:00:00]} d6 {[%emt 0:00:08]} 3. d4 {[%emt 0:00:00]} cxd4 {[%emt 0:00:04]} 4. Nxd4 {[%emt 0:00:00]} Nf6 {[%emt 0:00:04]} 5. Nc3 {[%emt 0:00:08]} a6 {[%emt 0:01:14]} 6. Be2 {[%emt 0:00:21]} e5 {[%emt 0:00:17]} 7. Nb3 {[%emt 0:00:17]} Be7 {[%emt 0:00:08]} 8. O-O {[%emt 0:00:10]} O-O {[%emt 0:00:06]} 9. Re1 {[%emt 0:00:13]} Be6 {[%emt 0:00:40]} 10. Be3 {[%emt 0:00:12]} Nbd7 {[%emt 0:01:25]} 11. a4 {[%emt 0:00:21]} Rc8 {[%emt 0:02:45]} 12. Bf3 {[%emt 0:00:11]} Qc7 {[%emt 0:00:44]} 13. a5 {[%emt 0:06:13]} Rfd8 {[%emt 0:00:42]} 14. h3 {[%emt 0:24:33]} h6 {[%emt 0:01:06]} 15. Re2 {[%emt 0:02:46]} Qb8 {[%emt 0:15:56]} 16. Rd2 {[%emt 0:21:30]} b5 {[%emt 0:02:40]} 17. axb6 {[%emt 0:01:57]} Nxb6 {[%emt 0:00:05]} 18. Na5 {[%emt 0:09:23]} Nc4 {[%emt 0:00:33]} 19. Nxc4 {[%emt 0:00:02]} Rxc4 {[%emt 0:00:30]} 20. Nd5 {[%emt 0:03:07]} Bxd5 {[%emt 0:05:44]} 21. exd5 {[%emt 0:00:08]} Qxb2 {[%emt 0:02:46]} 22. Rb1 {[%emt 0:11:19]} Qa3 {[%emt 0:02:44]} 23. Ra1 {[%emt 0:01:57]} Qb4 {[%emt 0:04:57]} 24. Rb1 {[%emt 0:01:32]} Qa4 {[%emt 0:00:47]} 25. Be2 {[%emt 0:03:45]} Rc3 {[%emt 0:02:22]} 26. Ra1 {[%emt 0:01:20]} Ra3 {[%emt 0:01:44]} 27. Rxa3 {[%emt 0:00:05]} Qxa3 {[%emt 0:00:03]} 28. Rd3 {[%emt 0:01:49]} Qa5 {[%emt 0:03:27]} 29. c4 {[%emt 0:04:24]} Ne4 {[%emt 0:09:21]} 30. Bg4 {[%emt 0:04:14]} Bg5 {[%emt 0:15:08]} 31. Bf5 {[%emt 0:01:10]} Bxe3 {[%emt 0:00:29]} 32. Bxe4 {[%emt 0:00:09]} Bd4 {[%emt 0:00:30]} 33. Rg3 {[%emt 0:01:12]} Qa2 {[%emt 0:03:10]} 34. Qf3 {[%emt 0:00:26]} Kf8 {[%emt 0:04:22]} 35. Qf5 {[%emt 0:00:18]} g6 {[%emt 0:15:50]} 36. Qf6 {[%emt 0:00:18]} Rd7 {[%emt 0:00:01]} 37. Rf3 {[%emt 0:01:02]} Qd2 {[%emt 0:04:47]} 38. Qh8+ {[%emt 0:00:09]} Ke7 {[%emt 0:00:01]} 39. Bxg6 {[%emt 0:00:33]} Bxf2+ {[%emt 0:01:19]} 40. Rxf2 {[%emt 0:00:05]} Qe1+ {[%emt 0:00:23]} 41. Rf1 {[%emt 0:00:02]} 1-0